| 000 | 00393nam a22001697a 4500 | ||
|---|---|---|---|
| 005 | 20251210172910.0 | ||
| 008 | 160620b xxu||||| |||| 00| 0 eng d | ||
| 020 | _a81-7194-226-1 | ||
| 041 | _aeng | ||
| 082 |
_b8419 _a343.04 |
||
| 100 | _aSinghania, Dr. Vinod K | ||
| 245 | _aDirect Taxes Ready Rockoner | ||
| 260 |
_bTaxmann _c2001 |
||
| 300 | _a248 | ||
| 650 | _aManagement | ||
| 942 | _cBK | ||
| 999 |
_c3223 _d3222 |
||